Täter-Opfer-Ausgleich - Konfliktschlichtung oder Sanktionsalternative? Der Täter-Opfer-Ausgleich aus der Sicht der Opferhilfe

Gespeichert in:  
Bibliographische Detailangaben
1. VerfasserIn: Hermans, Daniëlle 1963- (Verfasst von)
Medienart: Druck Aufsatz
Sprache:Deutsch
Veröffentlicht: 1993
In: Täter-Opfer-Ausgleich und Jugendstrafrechtspflege
Jahr: 1993, Seiten: 59-69
Verfügbarkeit prüfen: HBZ Gateway
Schlagwörter:

MARC

LEADER 00000caa a22000002c 4500
001 1526083817
003 DE-627
005 20220604105324.0
007 tu
008 160223s1993 xx ||||| 00| ||ger c
035 |a (DE-627)1526083817 
035 |a (DE-576)456083812 
035 |a (DE-599)BSZ456083812 
040 |a DE-627  |b ger  |c DE-627  |e rakwb 
041 |a ger 
100 1 |a Hermans, Daniëlle  |d 1963-  |0 (DE-588)135809568  |0 (DE-627)571669867  |0 (DE-576)30065796X  |4 aut 
109 |a Hermans, Daniëlle 1963-  |a Hermans, Daan 1963- 
245 1 0 |a Täter-Opfer-Ausgleich - Konfliktschlichtung oder Sanktionsalternative? Der Täter-Opfer-Ausgleich aus der Sicht der Opferhilfe  |c Danielle Hermans 
264 1 |c 1993 
336 |a Text  |b txt  |2 rdacontent 
337 |a ohne Hilfsmittel zu benutzen  |b n  |2 rdamedia 
338 |a Band  |b nc  |2 rdacarrier 
773 0 8 |i In  |t Täter-Opfer-Ausgleich und Jugendstrafrechtspflege  |d Konstanz, 1993  |g (1993), Seite 59-69  |h 84 S.  |w (DE-627)1432188666  |w (DE-576)362188661  |7 nnam 
773 1 8 |g year:1993  |g pages:59-69 
935 |a mkri 
951 |a AR 
ELC |b 1 
LOK |0 000 xxxxxcx a22 zn 4500 
LOK |0 001 2899592033 
LOK |0 003 DE-627 
LOK |0 004 1526083817 
LOK |0 005 20250312075315 
LOK |0 008 160208||||||||||||||||ger||||||| 
LOK |0 040   |a DE-21-110  |c DE-627  |d DE-21-110 
LOK |0 689   |a s  |a Opferhilfe 
LOK |0 689   |a s  |a Täter-Opfer-Ausgleich 
LOK |0 689   |a s  |a Viktimisierungsfolgen 
LOK |0 852   |a DE-21-110 
LOK |0 852 1  |m p  |9 00 
LOK |0 935   |a k110 
LOK |0 938   |k p 
LOK |0 939   |a 08-02-16  |b l01 
ORI |a SA-MARC-krimdoka001.raw